Sports Quiz

Random Sports Quiz

Ravens Super Bowl Touchdowns Quiz Stats

 Plays Quiz not verified by Sporcle

Challenge
Share
Tweet
Embed
Score 0/8 Timer 05:00
0 Plays Today
Hint Answer % Correct
XXXVJamal Lewis
100%
XXXVJermaine Lewis
97.3%
XLVIIAnquan Boldin
80.5%
XLVIIJacoby Jones
78%
XLVIIJacoby Jones
78%
XLVIIDennis Pitta
68.3%
XXXVBrandon Stokley
63.4%
XXXVDuane Starks
41.5%

You're not logged in!

Compare scores with friends on all Sporcle quizzes.
OR
Log In

You Might Also Like...

Show Comments

Extras

Created Feb 10, 2016ReportNominate
Tags:bowl, raven, touchdown

Top Quizzes Today


Score Distribution

Your Account Isn't Verified!

In order to create a playlist on Sporcle, you need to verify the email address you used during registration. Go to your Sporcle Settings to finish the process.

Report this User

Report this user for behavior that violates our Community Guidelines.

Details: